| 000 | 00946nam a22002537a 4500 | ||
|---|---|---|---|
| 005 | 20170124103010.0 | ||
| 010 | _a766378 | ||
| 020 | _c14.00 | ||
| 035 | _a766378 | ||
| 037 | _bCen Lib/Ret | ||
| 040 |
_aDPL _bHN |
||
| 082 |
_aउ _bखांडेक |
||
| 100 |
_aखांडेकर, वि.स. _957394 |
||
| 245 |
_aउल्का / _cवि.स.खांडेकर |
||
| 246 |
_aUlka / _bby V.C.Khandekar |
||
| 260 |
_aनयी दिल्ली _bविद्या प्रकाशन मन्दिर _c1975 |
||
| 270 |
_aदरियागंज _bनयी दिल्ली _e110002 |
||
| 300 |
_a204पृ. _c17सेमी (सजिल्द) |
||
| 650 |
_aहिन्दी -- साहित्य _957395 |
||
| 650 |
_aहिन्दी -- उपन्यास _957396 |
||
| 650 |
_aHindi -- Literature _957397 |
||
| 650 |
_aHindi -- Fiction _927248 |
||
| 942 |
_2ddc _cHN _hउ _mखांडेक |
||
| 999 |
_c114577 _d114577 |
||